The biochemistry of drug metabolism : (Record no. 2358)
[ view plain ]
| 000 -LEADER | |
|---|---|
| fixed length control field | 00604cam a22001814a 4500 |
| 008 - FIXED-LENGTH DATA ELEMENTS--GENERAL INFORMATION | |
| fixed length control field | 080822s2008 gw a b 001 0 eng |
| 020 ## - INTERNATIONAL STANDARD BOOK NUMBER | |
| ISBN | 9783906390536 (pbk.) |
| 020 ## - INTERNATIONAL STANDARD BOOK NUMBER | |
| ISBN | 3906390535 (pbk.) |
| 100 1# - MAIN ENTRY--AUTHOR | |
| Author | Testa, Bernard. |
| 245 14 - TITLE STATEMENT | |
| Title | The biochemistry of drug metabolism : |
| Remainder of title | principles, redox reactions, hydrolyses / |
| Statement of responsibility, etc | Bernard Testa, Stefanie D. Krämer. |
| 260 ## - PUBLICATION, DISTRIBUTION, ETC. (IMPRINT) | |
| Place of publication | Weinheim ; |
| -- | Chichester : |
| Name of publisher | Wiley-VCH, |
| Date of publication | 2008. |
| 300 ## - COLLATION | |
| Pagination | xiii, 319 p. : |
| Other physical details | ill. (some col.) ; |
| 650 #0 - TRACINGS | |
| Main Subject | Drugs |
| Subdivision (2nd) | Metabolism. |
| 700 1# - ADDITIONAL AUTHOR | |
| Additional Author | Krämer, Stefanie D. |
| 942 ## - ADDED ENTRY ELEMENTS (KOHA) | |
| Item type | Books |
| 050 00 - LIBRARY OF CONGRESS CALL NUMBER | |
| Classification number | RM301.55 |
| Item number | .T478 2008 |
| 082 00 - DEWEY DECIMAL CLASSIFICATION NUMBER | |
| Classification number | 615.7 |
| Source of classification or shelving scheme | Not for loan | Permanent location | Current location | Date acquired | Accession No. | Full call number | Barcode. | Koha item type |
|---|---|---|---|---|---|---|---|---|
| Library of Congress Classification | Medical Library | Medical Library | 03/17/2025 | 2024/63593 | RM301.55.T47 | 2025-0628 | Books |